00655nam a2200217 a 4500001001300000003000900013005001700022008004100039020000900080082001600089245005300105260004200158300000800200500003500208505002000243710002700263902000800290942000700298952011500305999001700420nice12345678IN_TiNIC20260116013800.0050524s1996 mana grp 000 0 eng  ac2000a954.17bMAN aSelect Documents of Jananeta Hijam Irawat, Vol.1 aManipurbManipur State Archivesc1996 a88p aincludes index and biblioraphy2 aAppendex, Index2 aManipur State Archives bSRS cBK 001040708StackRoom-aHMIbHMId2007-07-31g20.00l0o954.17 MANp019935r2007-07-31v20.00w2005-05-24yBK c12474d12474